| 000 | 00645cab a2200217 4500 | ||
|---|---|---|---|
| 001 | ABS37822 | ||
| 008 | 090401t1987 xxu||||| |||| 00| 0 eng d | ||
| 035 | _a(Sirsi) u6930 | ||
| 041 | _aeng | ||
| 100 | _aMadge, P. | ||
| 245 | _aConstruction insurance Part 3: all risks | ||
| 260 | _c1987 | ||
| 350 | _a0 | ||
| 490 |
_aArchitects` Journal _v185(22) 3 June 1987, 69-70(2) |
||
| 520 | _aExplains the meaning of all risks insurance and outlines the advantages of having joint names insurance. | ||
| 650 | _aBUILT ENVIRONMENT-BUILDING CONTRACT FORMS | ||
| 650 | _aJCT 80 | ||
| 690 |
_aInsurance _96249 |
||
| 942 | _n0 | ||
| 948 | _c04/03/1997 | ||
| 999 |
_c4124 _d4124 |
||